000
00270nam a22001217a 4500
020
_a
978-81-286-3999-9
082
_a
823
_b
EUR/N
100
_a
EUROKIDS
245
_a
NOODDY SHORT TALES
260
_a
MUMBAI
_b
EUROKIDS
650
_a
ENGLISH SHORT STORY
_z
MUMBAI
942
_c
BK
999
_c
3387
_d
3387